Retiro en el Vaticano / (Registro nro. 141493)

Detalles MARC
000 -LEADER
campo de control de longitud fija 00787nam a2200241 i 4500
001 - NÚMERO DE CONTROL
campo de control 141493
003 - IDENTIFICADOR DE NÚMERO DE CONTROL
campo de control ES-MaACL
005 - FECHA Y HORA DE LA ÚLTIMA TRANSACCIÓN
campo de control 20250809063523.0
007 - CAMPO FIJO DE DESCRIPCIÓN FÍSICA--INFORMACIÓN GENERAL
campo de control de longitud fija t|
008 - DATOS DE LONGITUD FIJA--INFORMACIÓN GENERAL
campo de control de longitud fija 070924s1969 sp ||||1| spa d
080 ## - NÚMERO DE LA CLASIFICACIÓN DECIMAL UNIVERSAL
Número de la Clasificación Decimal Universal 248.152
080 ## - NÚMERO DE LA CLASIFICACIÓN DECIMAL UNIVERSAL
Número de la Clasificación Decimal Universal 232:242
100 1# - ENTRADA PRINCIPAL--NOMBRE DE PERSONA
Nombre de persona Voillaume, René,
Fechas asociadas al nombre 1905-2003
9 (RLIN) 115676
245 10 - MENCIÓN DEL TÍTULO
Título Retiro en el Vaticano /
Mención de responsabilidad, etc. René Voillaume ; [traducción por Andrés Delgado Amor].
260 ## - PUBLICACIÓN, DISTRIBUCIÓN, ETC.
Lugar de publicación, distribución, etc. [Madrid] :
Nombre del editor, distribuidor, etc. Centro de Estudios Universitarios,
Fecha de publicación, distribución, etc. [1969]
300 ## - DESCRIPCIÓN FÍSICA
Extensión 277 p. ;
Dimensiones 21 cm.
600 14 - PUNTO DE ACCESO ADICIONAL DE MATERIA--NOMBRE DE PERSONA
Nombre de persona Jesucristo-
Subdivisión de forma Meditaciones.
9 (RLIN) 66371
650 14 - PUNTO DE ACCESO ADICIONAL DE MATERIA--TÉRMINO DE MATERIA
Término de materia o nombre geográfico como elemento de entrada Ejercicios espirituales.
9 (RLIN) 12133
700 1# - ENTRADA AGREGADA--NOMBRE PERSONAL
Nombre de persona Delgado Amor, Andrés.
9 (RLIN) 43438
710 2# - ENTRADA AGREGADA--NOMBRE DE ENTIDAD CORPORATIVA
Nombre de entidad corporativa o nombre de jurisdicción como elemento de entrada Centro de Estudios Universitarios.
9 (RLIN) 2679
852 ## - LOCALIZACIÓN
Ubicación ES-MaACL
Número de control de estantería C-47855
Sublocalización o colección R.72115
Existencias
Estatus retirado Estado de pérdida Estado de daño No para préstamo Biblioteca de origen Biblioteca actual Ubicación en estantería Fecha de adquisición Fuente de adquisición Total de préstamos Signatura topográfica completa Código de barras Visto por última vez Precio de reemplazo Tipo de ítem Koha
        Biblioteca del Ateneo de Madrid Biblioteca del Ateneo de Madrid Depósito 2 17/01/2008     C-47855 1147227 23/02/2023 23/02/2023 Libro impreso